000 00419nam a2200109Ia 4500
008 160909s9999 xx 000 0 und d
100 _aGuartico, Reina Anfone.
245 _aSpecial Education Teachers' Perceptions of the Design and Implementation of the Evaluation Process
260 _bThe George Washington University
_c2016
650 _aEDUC/SPED
856 _uhttp://pqdtopen.proquest.com/doc/1778866560.html?FMT=ABS
999 _c304990
_d304990